Antonyms British TV Shows - Statistics

General Stats
  • This quiz has been taken 117 times
  • The average score is 7 of 15
Answer Stats
Hint Answer % Correct
Nurse when Doctor Who
92%
Westbeginners Eastenders
87%
Big America Little Britain
86%
Patients Doctors
76%
Hate land Love island
64%
I'm a civilian Let me in I'm a celebrity get me out of here
61%
The sphere The cube
56%
Out the day house In the night garden
54%
Mrs Carrot Mr bean
42%
Monday morning breakfast Friday night dinner
29%
Rotten Vegetables Fresh meat
21%
Read up Countdown
18%
HarrySpruce Hollyoaks
9%
First responder Casualty
5%
The loading bay The dumping ground
1%
No matching quizzes found
Score Distribution
Percent of People with Each Score
Percentile by Number Answered
Your Score History
You have not taken this quiz